Pictografias mayas.

Bibliographic Details
Format: Book
Language:Spanish
Published: Merida, Yucatan, Mexico : Escuela de Ciencias Antropologicas, Universidad de Yucatan, 1976.
Series:Analte ; 1.
Subjects:

MARC

Tag First Indicator Second Indicator Subfields
LEADER 00000cam a2200000 a 4500
001 in00000075657
005 20151008053657.0
008 810401s1976 mx af b 00000 spam
010 |a  80138509  
035 |a (OCoLC)03076095 
035 |9 AAH8253AM 
040 |a DLC  |c DLC  |d TXA  |d UtOrBLW 
043 |a cm----- 
049 |a TXAM  |c [386777] 
050 0 0 |a F1435.3.P6  |b P5 
082 0 |a 497/.4  |2 19 
245 0 0 |a Pictografias mayas. 
264 1 |a Merida, Yucatan, Mexico :  |b Escuela de Ciencias Antropologicas, Universidad de Yucatan,  |c 1976. 
300 |a 93 pages, 10 unnumbered leaves of plates :  |b illustrations ;  |c 28 cm. 
336 |a text  |b txt  |2 rdacontent 
337 |a unmediated  |b n  |2 rdamedia 
338 |a volume  |b nc  |2 rdacarrier 
490 1 |a Analte ;  |v 1 
504 |a Includes bibliographies. 
650 0 |a Mayan languages  |x Writing. 
830 0 |a Analte ;  |v 1. 
999 |a MARS 
999 f f |s fbce2d13-f7dc-305a-a4db-50db8faf37a0  |i 29462671-ac8b-36fc-ad71-a176dd94e28b  |t 0 
952 f f |p ric  |a Texas A&M University  |b Rellis Campus  |c Joint Library Facility  |d Remote Storage  |t 0  |e F1435.3.P6 P5  |h Library of Congress classification  |i unmediated -- volume  |m A14806111767 
998 f f |a F1435.3.P6 P5  |t 0  |l Remote Storage